НЛО - параллельный мир на Земле?!: раздумья уфлога

Podrobná bibliografie
Hlavní autor: Поддубный С. И. Станислав Иванович
Jazyk:ruština
Vydáno: Москва, [Б. и.], 1990
Témata:
Médium: MixedMaterials Kniha
KOHA link:https://koha.lib.tpu.ru/cgi-bin/koha/opac-detail.pl?biblionumber=143381

MARC

LEADER 00000nam0a2200000 4500
001 143381
005 20231031143217.0
035 |a (RuTPU)RU\TPU\book\155378 
090 |a 143381 
100 |a 20080918d1990 m y0rusy50 ca 
101 0 |a rus 
102 |a RU 
105 |a y z 000zy 
200 1 |a НЛО - параллельный мир на Земле?!  |e раздумья уфлога  |f С. И. Поддубный 
210 |a Москва  |c [Б. и.]  |d 1990 
215 |a 48 с. 
610 1 |a НЛО 
610 1 |a уфология 
610 1 |a неопознанные летающие объекты 
610 1 |a Земля 
675 |a 551.593  |v 3 
700 1 |a Поддубный  |b С. И.  |g Станислав Иванович 
801 1 |a RU  |b 63413507  |c 20080918  |g PSBO 
801 2 |a RU  |b 63413507  |c 20081222  |g PSBO 
942 |c BK